000 00221nam a2200085Ia 4500
008 120527s9999 xx 000 0 und d
100 _aAron & Aron
245 _aStatistics for the behavioral and social sciences
942 _cBK
999 _c27593
_d27593